| 000 | 00711pam a2200253 4500 | ||
|---|---|---|---|
| 001 | 4086998 | ||
| 003 | OSt | ||
| 005 | 20230619110827.0 | ||
| 008 | 731129s1974 nyua b 001 0 eng | ||
| 010 | _a 73013203 | ||
| 020 | _a0060428457 | ||
| 040 |
_aDLC _cDLC _dDLC |
||
| 050 | 0 | 0 |
_aHM51 _b.H62 1974 |
| 082 | 0 | 0 |
_a301 _bHOD |
| 100 | 1 | _aHodges, Harold M. | |
| 245 | 1 | 0 |
_aConflict and consensus: an introduction to sociology _c[by] Harold M. Hodges, Jr. |
| 250 | _a2d ed. | ||
| 260 |
_aNew York, _bHarper & Row _c[1974] |
||
| 300 |
_axv, 558 p. _billus. _c24 cm. |
||
| 504 | _aBibliography: p. [527]-552. | ||
| 650 | 0 | _aSociology. | |
| 906 |
_a7 _bcbc _corignew _d1 _eocip _f19 _gy-gencatlg |
||
| 942 |
_2ddc _cBK |
||
| 999 |
_c1235 _d1235 |
||